UBT Library

Supercomputers and parallel computation : (Record no. 42180)

000 -LEADER
fixed length control field 00853cam a2200229 a 4500
001 - CONTROL NUMBER
control field 4259011
005 - DATE AND TIME OF LATEST TRANSACTION
control field 20180208092449.0
008 - FIXED-LENGTH DATA ELEMENTS--GENERAL INFORMATION
fixed length control field 840413s1984 enka b 101 0 eng
010 ## - LIBRARY OF CONGRESS CONTROL NUMBER
LC control number 84007773
020 ## - INTERNATIONAL STANDARD BOOK NUMBER
International Standard Book Number 0198536011 :
Terms of availability $49.95 (U.S.)
040 ## - CATALOGING SOURCE
Original cataloging agency DLC
Transcribing agency DLC
Modifying agency DLC
041 ## - LANGUAGE CODE
Language code of text/sound track or separate title eng
080 ## - UNIVERSAL DECIMAL CLASSIFICATION NUMBER
Universal Decimal Classification number 001.64 PAD
082 00 - DEWEY DECIMAL CLASSIFICATION NUMBER
Classification number 001.64 PAD
Edition number 19
100 ## - Rafti
Rafti 28
101 ## - Shkurtesa
Shkurtesa SHK
245 00 - TITLE STATEMENT
Title Supercomputers and parallel computation :
Statement of responsibility, etc organized by the Institute of Mathematics and Its Applications, and held in Bristol, 2-3 September 1982 ; edited by D.J. Paddon.
504 ## - BIBLIOGRAPHY, ETC. NOTE
Bibliography, etc Includes bibliographies and indexes.
740 0# - ADDED ENTRY--UNCONTROLLED RELATED/ANALYTICAL TITLE
Uncontrolled related/analytical title Super-computers and parallel computation.
906 ## - LOCAL DATA ELEMENT F, LDF (RLIN)
a 7
b cbc
c orignew
d 1
e ocip
f 19
g y-gencatlg
942 ## - ADDED ENTRY ELEMENTS (KOHA)
Source of classification or shelving scheme
Item type Books
Holdings
Withdrawn status Lost status Source of classification or shelving scheme Damaged status Not for loan Collection code Permanent location Current location Shelving location Date acquired Total Checkouts Full call number Barcode Date last seen Price effective from Koha item type
          Koleksioni i përgjithshem UBT - Lipjan UBT - Lipjan Koleksioni i përgjithshem 02/08/2018   001.64 PAD 002-2998889 02/08/2018 02/08/2018 Books
UBT Library © 2015-2024. All rights reserved University Education for Business and Technology